000 00968nam a22002417a 4500
005 20240530110537.0
008 160120s2013 ua a g 001 0 ara d
020 _a9789953826059
040 _aEG-CaGPL
082 0 4 _221
_a320.9535\
_bي إ
100 0 _aيوسف خليفة اليوسف .
245 1 2 _aالامارات العربية المتحدة على مفترق طرق /
_cيوسف خليفة اليوسف .
250 _aط1.
260 _aبيروت :
_bمركز دراسات الوحدة العربية ،
_c2013 .
300 _a415 ص ؛
_c24 سم .
504 _aببليوجرافية : ص 401 - 415
651 0 4 _aالامارات العربية المتحدة .
651 0 4 _aدبى
_xالاحوال الاقتصادية .
651 0 4 _aالامارات العربية المتحدة
_xالسياسة الخارجية .
651 0 4 _aالامارات العربية المتحدة
_xالسكان .
942 _2ddc
_cBK
999 _c62189
_d62189